[Event "I Love Chess"]
[Site "SchemingMind.com"]
[Date "2007.12.08"]
[Round "-"]
[White "Erhaem"]
[Black "Chess_Man01"]
[Result "0-1"]
[WhiteCountry "NED"]
[BlackCountry "GBR"]
[WhiteElo "2055"]
[WhiteRD "74"]
[BlackElo "2289"]
[BlackRD "59"]
[GameID "132487"]

1. d4 Nf6 2. Nf3 e6 3. Bg5 Be7 4. Nbd2 d5 5. e3 Nbd7 6. Bd3 c5 7. c3 h6 8. Bh4 O-O 9. O-O g5 10. Bg3 Nh5
11. Be5 g4 12. Ne1 f5 13. h3 Nhf6 14. Bf4 gxh3 15. gxh3 Kh7 16. Nef3 Rg8+ 17. Kh2 Nh5 18. Be5 Qb6 19. Qc2 Nxe5 20. Nxe5 Qc7
21. Rg1 Bd7 22. Nf3 Bd6 23. Qe2 Nf6 24. Kh1 Raf8 25. h4 Be8 26. Rxg8 Rxg8 27. Rg1 Rxg1+ 28. Kxg1 Bh5 29. Qf1 c4 30. Bc2 Nd7
31. Nxd7 Qxd7 32. Ne1 a5 33. f4 Qg7+ 34. Kh2 Qg4 35. Qf2 Be7 36. Ng2 b5 37. a4 b4 38. cxb4 axb4 39. b3 Bd8 40. Qg3= Qe2
0-1

[Event "I Love Chess"]
[Site "SchemingMind.com"]
[Date "2007.12.09"]
[Round "-"]
[White "Miael_"]
[Black "Schaakmaatje"]
[Result "0-1"]
[WhiteCountry "ARG"]
[BlackCountry "NED"]
[WhiteElo "1646"]
[WhiteRD "66"]
[BlackElo "1755"]
[BlackRD "46"]
[GameID "132488"]

1. e4 e6 2. d4 d5 3. Nc3 c5 4. Bb5+ Bd7 5. Bxd7+ Qxd7 6. dxc5 d4 7. Nce2 Bxc5 8. Nf3 Nc6 9. O-O e5 10. b3 Nge7
11. Bb2 O-O 12. h3 f5 13. exf5 Nxf5 14. a4 e4 15. Ne1 Ne5 16. c4 Rad8 17. Nf4 Ne7 18. Nc2 Rxf4 19. g3 Qxh3
0-1

[Event "I Love Chess"]
[Site "SchemingMind.com"]
[Date "2007.12.08"]
[Round "-"]
[White "Chess_Man01"]
[Black "Erhaem"]
[Result "1-0"]
[WhiteCountry "GBR"]
[BlackCountry "NED"]
[WhiteElo "2289"]
[WhiteRD "59"]
[BlackElo "2055"]
[BlackRD "74"]
[GameID "132498"]

1. e4 e5 2. Nf3 Nc6 3. Bc4 Bc5 4. c3 Nf6 5. d4 exd4 6. cxd4 Bb4+ 7. Nc3 Nxe4 8. O-O Bxc3 9. d5 Bf6 10. Re1 Ne7
11. Rxe4 O-O 12. d6 cxd6 13. Qxd6 Ng6 14. Bd2 Be7 15. Qd5 d6 16. Ba5 Qe8 17. Nd4 a6 18. Rc1 Kh8 19. Rce1 Qd7 20. Bc3 Rb8
21. Bb3 Ne5 22. f4 Ng6 23. Bb4 Qd8 24. Rxe7 Nxe7 25. Qxd6 Ng8 26. Qxf8 Qxd4+ 27. Kh1 Be6 28. Qxb8 Qxb4 29. Rc1 Bxb3 30. axb3 h6
31. Rc3 Qe4 32. h3 Kh7 33. Qe5 Qb1+ 34. Kh2 Qxb2= 35. Qf5+ Kh8 36. Qc2 Qxc2 37. Rxc2 Nf6 38. Rc7 b6 39. Rxf7 Kg8 40. Ra7 a5
41. Rb7
1-0

[Event "I Love Chess"]
[Site "SchemingMind.com"]
[Date "2007.12.09"]
[Round "-"]
[White "djanowski"]
[Black "cdevos"]
[Result "1-0"]
[WhiteCountry "THA"]
[BlackCountry "NED"]
[WhiteElo "2007"]
[WhiteRD "75"]
[BlackElo "1566"]
[BlackRD "94"]
[GameID "132631"]

1. b3 d5 2. Bb2 Nc6 3. e3 e6 4. f4 f5 5. Nf3 Nf6 6. Bb5 Bd7 7. Bxc6 Bxc6 8. O-O Bd6 9. a4 O-O 10. Na3 a6
11. Ne5 Be8 12. c4 Bc5 13. d4 Bb4 14. Nc2 Bh5 15. g4 Bxg4 16. Nxg4 Nxg4 17. h3 Qh4 18. Qf3 Rf6 19. hxg4 Rh6 20. Qg2 fxg4
21. Nxb4 Rf8 22. cxd5 Qe7 23. Nd3 exd5 24. Ne5 Rh3 25. Nxg4 Qh4 26. Rf3 Rxf3 27. Qxf3 Rf5 28. Kg2 h5 29. Nf2 Qe7 30. Ba3 Qe6
31. Rc1 g5 32. Qxh5 gxf4 33. Qg4+ Kf7 34. Rxc7+ Kf6 35. Qg7#
1-0

[Event "I Love Chess"]
[Site "SchemingMind.com"]
[Date "2007.12.09"]
[Round "-"]
[White "cdevos"]
[Black "djanowski"]
[Result "0-1"]
[WhiteCountry "NED"]
[BlackCountry "THA"]
[WhiteElo "1566"]
[WhiteRD "94"]
[BlackElo "2007"]
[BlackRD "75"]
[GameID "132643"]

1. d4 Nf6 2. Nc3 d5 3. Nf3 e6 4. a3 c5 5. Nb5 Qa5+ 6. Nc3 cxd4 7. Nxd4 e5 8. Nb3 Qd8 9. e3 a5 10. Nd2 Nc6
11. b3 Bf5 12. Bb2 Bc5 13. Nf3 O-O 14. Be2 Re8 15. Nh4 Be6 16. Qd3 Qd7 17. O-O-O Qe7 18. Nf5 Qf8 19. e4 dxe4 20. Nxe4 Nxe4
21. Qxe4 Bxa3 22. Bd3 g6 23. g4 a4 24. bxa4 Bxb2+ 25. Kxb2 Qb4+ 26. Qxb4 Nxb4 27. Nd6 Nxd3+ 28. Rxd3 Red8 29. Ka3 Bxg4 30. Kb4 Ra6
31. Ne4 Rda8 32. Nc5 Rb6+ 33. Kc4 Be2 34. Re1 Bxd3+ 35. cxd3 f6 36. Kd5 Rd8+ 37. Kc4 Rd4+ 38. Kc3 Rc6 39. Rb1 Rxc5+ 40. Kd2 Ra5
41. Rxb7 e4 42. Ke3 Raxa4 43. Rb3 Rxd3+ 44. Rxd3 exd3 45. Kxd3 Rh4 46. Ke3 Rxh2 47. f3 g5 48. Ke4 Kf7
0-1

[Event "I Love Chess"]
[Site "SchemingMind.com"]
[Date "2007.12.10"]
[Round "-"]
[White "MichaelDV"]
[Black "Canuck36"]
[Result "1-0"]
[WhiteCountry "SWE"]
[BlackCountry "CAN"]
[WhiteElo "2347"]
[WhiteRD "64"]
[BlackElo "1534"]
[BlackRD "88"]
[GameID "132712"]

1. Nf3 c5 2. c4 Nc6 3. Nc3 e6 4. g3 Nf6 5. Bg2 d5 6. cxd5 exd5 7. d4 cxd4 8. Nxd4 Bb4 9. O-O Bxc3 10. bxc3 O-O
11. Bg5 Ne5 12. Bxf6 Qxf6 13. Bxd5 Rb8 14. Qb3 b6 15. Bg2 Ba6 16. Qa3 b5 17. Rfd1 Nc4 18. Qc5 Qb6 19. Qxb6 Nxb6 20. Nc6 Rbe8
21. e3 Nc8 22. Nb4 Re6 23. Rd7 Rd6 24. Rxd6 Nxd6 25. Nxa6 g6 26. Rd1 Nc4 27. Bd5 Kg7 28. Bxc4 bxc4 29. Rd7 Ra8 30. Kg2 h5
31. Kf3 g5 32. Ke4 Kg6 33. Kd5 g4 34. Kxc4 f5 35. Kb5 Kf6 36. c4 Re8 37. c5 Re7 38. Rxe7 Kxe7 39. c6 Kd8 40. c7+ Kc8
41. Kc6
1-0

[Event "I Love Chess"]
[Site "SchemingMind.com"]
[Date "2007.12.10"]
[Round "-"]
[White "Canuck36"]
[Black "MichaelDV"]
[Result "0-1"]
[WhiteCountry "CAN"]
[BlackCountry "SWE"]
[WhiteElo "1605"]
[WhiteRD "86"]
[BlackElo "2359"]
[BlackRD "70"]
[GameID "132726"]

1. d4 Nf6 2. c4 e6 3. Nc3 Bb4 4. Nf3 c5 5. dxc5 Na6 6. c6 bxc6 7. Bd2 O-O 8. a3 Be7 9. e4 d5 10. cxd5 cxd5
11. exd5 exd5 12. Be2 d4 13. Nb5 d3 14. Bf1 Ne4 15. Ne5 Qb6 16. Qf3 Nxd2 17. Kxd2 Qxb5 18. Nxd3 Bb7 19. Qg3 Rad8 20. Rb1 Nc5
21. b4 Ne4+
0-1

[Event "I Love Chess"]
[Site "SchemingMind.com"]
[Date "2007.12.13"]
[Round "-"]
[White "mkefeli"]
[Black "Lazaro"]
[Result "1-0"]
[WhiteCountry "TUR"]
[BlackCountry "CUB"]
[WhiteElo "2078"]
[WhiteRD "100"]
[BlackElo "1507"]
[BlackRD "47"]
[GameID "132840"]

1. d4 Nf6 2. Nf3 d5 3. g3 g6 4. Bg2 Bg7 5. O-O O-O 6. b3 Bf5 7. c4 dxc4 8. bxc4 Nc6 9. Bb2 Ng4 10. h3 Nf6
11. Nc3 Qd6 12. Qb3 Nxd4 13. Nxd4 Qxd4 14. Nd5 Qd2 15. Nxe7+ Kh8 16. Nxf5 gxf5 17. e3 Rab8 18. Rad1
1-0

[Event "I Love Chess"]
[Site "SchemingMind.com"]
[Date "2007.12.13"]
[Round "-"]
[White "Lazaro"]
[Black "mkefeli"]
[Result "0-1"]
[WhiteCountry "CUB"]
[BlackCountry "TUR"]
[WhiteElo "1507"]
[WhiteRD "47"]
[BlackElo "2078"]
[BlackRD "100"]
[GameID "132849"]

1. e4 c5 2. Nf3 e6 3. d4 cxd4 4. Nxd4 a6 5. Nc3 Qc7 6. Be3 Nf6 7. a3 b5 8. Be2 Bb7 9. f3 d5 10. exd5 Nxd5
11. Nxd5 Bxd5 12. O-O Nd7 13. a4 b4 14. Bd3 Nc5 15. h3 Nxd3 16. Qxd3 Be7 17. Qd2 O-O 18. c3 bxc3
0-1

[Event "I Love Chess"]
[Site "SchemingMind.com"]
[Date "2007.12.13"]
[Round "-"]
[White "Bury"]
[Black "TONYTODD11"]
[Result "1-0"]
[WhiteCountry "POL"]
[BlackCountry "ENG"]
[WhiteElo "1639"]
[WhiteRD "120"]
[BlackElo "1581"]
[BlackRD "75"]
[GameID "133205"]

1. e4 c6 2. Bc4 d5 3. exd5 cxd5 4. Bb3 a5 5. Ba4+ Nc6 6. Nf3 Bg4 7. h3 Bf5 8. Nc3 e6 9. Ne5 Ne7 10. d4 g6
11. Bg5 Qb6 12. Bf6 Rg8 13. Nb5 Bh6 14. Nd6+ Kd8 15. Ndxf7+ Kc7 16. Nxh6 Rge8 17. Nef7 Qb4+ 18. c3 Qxb2 19. Be5+ Kd7 20. O-O Qxc3
21. Nd6 Rf8 22. Nb5 Qc2 23. Bxc2
1-0

[Event "I Love Chess"]
[Site "SchemingMind.com"]
[Date "2007.12.13"]
[Round "-"]
[White "TONYTODD11"]
[Black "Bury"]
[Result "1-0"]
[WhiteCountry "ENG"]
[BlackCountry "POL"]
[WhiteElo "1581"]
[WhiteRD "75"]
[BlackElo "1639"]
[BlackRD "120"]
[GameID "133219"]

1. e4 e5 2. f4 exf4 3. Nf3 Nc6 4. g3 Nf6 5. d3 Bc5 6. Bxf4 d6 7. d4 Bb6 8. Bb5 Nxe4 9. Qe2 Bf5 10. Rf1 O-O
11. Nbd2 Nxd4 12. Nxd4 Bxd4 13. O-O-O d5 14. Nxe4 dxe4 15. c3 c5 16. cxd4 cxd4 17. Be5 e3 18. Rxd4 Qc8+ 19. Rc4 Qd8 20. Rxf5 Rc8
21. Rxc8 Qxc8+ 22. Qc2 Qd7 23. Bxd7
1-0

[Event "I Love Chess"]
[Site "SchemingMind.com"]
[Date "2007.12.16"]
[Round "-"]
[White "Vempiria-Melissa-Axelsson"]
[Black "Tahur"]
[Result "0-1"]
[WhiteCountry "GBR"]
[BlackCountry "ARG"]
[WhiteElo "1449"]
[WhiteRD "102"]
[BlackElo "1943"]
[BlackRD "54"]
[GameID "133350"]

1. d4 d5 2. h3 e6 3. a3 c5 4. Nf3 cxd4 5. Nxd4 e5 6. Nb3 Nc6 7. Nc3 d4 8. Ne4 Be6 9. Nbc5 Bxc5 10. Nxc5 Qa5+
11. b4 Nxb4 12. axb4 Qxa1 13. Nxe6 fxe6 14. e4 Nf6 15. Bb5+ Kf7 16. O-O Rhc8 17. Qe2 Qc3 18. Bd3 Qxb4 19. f4 exf4 20. Bxf4 Kg8
21. Be5 Rf8 22. Qf2 Nxe4 23. Qxd4 Rxf1+ 24. Bxf1 Qxd4+ 25. Bxd4 Rd8 26. Bxa7 Rd1 27. Bb8 Nd2 28. Kf2 Nxf1 29. Ke2 Rb1 30. c4 Kf7
31. c5 Kf6 32. g4 e5 33. h4 Ng3+ 34. Kd2 Rb4 35. g5+ Kf5 36. Kc3 Rxh4 37. Bc7 Rd4 38. Kb3 Ne4 39. Bb6 Nxg5 40. c6 Rd6
41. c7 Rxb6+ 42. Ka4 Rc6
0-1

[Event "I Love Chess"]
[Site "SchemingMind.com"]
[Date "2007.12.15"]
[Round "-"]
[White "Tahur"]
[Black "Vempiria-Melissa-Axelsson"]
[Result "1-0"]
[WhiteCountry "ARG"]
[BlackCountry "GBR"]
[WhiteElo "1964"]
[WhiteRD "54"]
[BlackElo "1478"]
[BlackRD "118"]
[GameID "133357"]

1. e4 e5 2. Nf3 Nc6 3. Bc4 Nf6 4. d4 Nxe4 5. dxe5 Bc5 6. Qd5 Bxf2+ 7. Kf1 O-O 8. Qxe4 Bc5 9. Ng5 g6 10. Nc3 Qe7
11. Nd5 Qxe5 12. Nxh7 Qxe4 13. Nhf6+ Kg7 14. Nxe4 Ne5 15. Nxc7 Rb8 16. Nxc5 Nxc4 17. b3 Ne5 18. Ne4 b6 19. Ba3 Rg8 20. Re1 Nc6
21. Bb2+ Kf8 22. Nf6 Rh8 23. Nh7+ Rxh7 24. Re8#
1-0

[Event "I Love Chess"]
[Site "SchemingMind.com"]
[Date "2007.12.16"]
[Round "-"]
[White "Archon"]
[Black "Griphin"]
[Result "1-0"]
[WhiteCountry "CAN"]
[BlackCountry "CAN"]
[WhiteElo "1763"]
[WhiteRD "53"]
[BlackElo "1211"]
[BlackRD "163"]
[GameID "133480"]

1. Nf3 e6 2. c4 Be7 3. e4 Nf6 4. d4 O-O 5. Nc3 h6 6. Be2 Nc6 7. O-O d5 8. cxd5 exd5 9. e5 Ne4 10. Bd3 Nxc3
11. bxc3 Bg4 12. Be2 Bxf3 13. Bxf3 f6 14. exf6 Rxf6 15. Be3 Bd6 16. g3 Qf8 17. Bg2 Ne7 18. Qd2 Nf5 19. Bxd5+ Kh7 20. Be4 Re8
21. Bxf5+ Rxf5 22. Qd3 a6 23. g4
1-0

[Event "I Love Chess"]
[Site "SchemingMind.com"]
[Date "2007.12.16"]
[Round "-"]
[White "marks"]
[Black "29A"]
[Result "1-0"]
[WhiteCountry "PHI"]
[BlackCountry "CAN"]
[WhiteElo "1762"]
[WhiteRD "66"]
[BlackElo "1815"]
[BlackRD "71"]
[GameID "133481"]

1. Nf3 Nf6 2. d4 d5 3. Bg5 e6 4. Bxf6 Qxf6 5. e3 c5 6. Bb5+ Bd7 7. Bxd7+ Nxd7 8. O-O Bd6 9. c3 O-O 10. Nbd2 Rfe8
11. Rc1 e5 12. dxe5 Nxe5 13. Nxe5 Qxe5 14. Nf3 Qh5 15. c4 Bf8 16. Qxd5 Qxd5 17. cxd5 b5 18. b3 Rac8 19. Rfd1 c4 20. Nd4 a6
21. Nc6 cxb3 22. axb3 Bd6 23. b4 g6 24. g3 f5 25. Kg2 Rc7 26. Rc2 Kg7 27. Rdc1 Rec8 28. Kf3 Kf6 29. h4 Kg7 30. Ke2 Kf6
31. f4 Kg7 32. Kd3 Kf6 33. Nd4 Rxc2 34. Rxc2 Rxc2 35. Nxc2 Kf7 36. Kc3 Ke8 37. Nd4 Kd7 38. Nc6 Kc7 39. Ne5 Kb6 40. Nf7 Kc7
41. Ng5 h6 42. Nf7 h5 43. Ne5 Kb6 44. Nxg6 a5 45. bxa5+ Kxa5 46. Ne5 Ka4 47. Nf7 Bb4+ 48. Kb2 Be1 49. d6 Bxg3 50. d7 Bxh4
51. Ng5
1-0

[Event "I Love Chess"]
[Site "SchemingMind.com"]
[Date "2007.12.16"]
[Round "-"]
[White "Griphin"]
[Black "Archon"]
[Result "0-1"]
[WhiteCountry "CAN"]
[BlackCountry "CAN"]
[WhiteElo "1211"]
[WhiteRD "163"]
[BlackElo "1763"]
[BlackRD "53"]
[GameID "133494"]

1. d4 d6 2. c4 e5 3. e3 Nd7 4. Nf3 g6 5. Be2 Bg7 6. O-O Ne7 7. dxe5 Nxe5 8. Nxe5 Bxe5 9. f4 Bg7 10. Bg4 O-O
11. Bxc8 Qxc8 12. Nc3 Nc6 13. Kh1 f5 14. h3 Qe6 15. b3 Bxc3 16. Rb1 Rae8 17. Qd5 Qxd5 18. cxd5 Nb8 19. b4 Nd7 20. g4 fxg4
21. hxg4 Nf6 22. f5 Nxg4
0-1

[Event "I Love Chess"]
[Site "SchemingMind.com"]
[Date "2007.12.16"]
[Round "-"]
[White "29A"]
[Black "marks"]
[Result "1-0"]
[WhiteCountry "CAN"]
[BlackCountry "PHI"]
[WhiteElo "1815"]
[WhiteRD "71"]
[BlackElo "1762"]
[BlackRD "66"]
[GameID "133495"]

1. e4 e5 2. Nf3 d6 3. d4 exd4 4. Qxd4 Nc6 5. Bb5 Bd7 6. Bxc6 Bxc6 7. Nc3 Qf6 8. Qd3 Ne7 9. Bg5 Qg6 10. O-O h6
11. Bh4 Qh5 12. Rfe1 g5 13. Bg3 Bg7 14. Nb5 O-O 15. Nxc7 Bxb2 16. Rab1 Rac8 17. Qxd6 Bc3 18. Re3 Bxe4 19. Rxe4 Nf5 20. Qc5 Nxg3
21. hxg3 Qg6 22. Re2 Qf6 23. Rxb7 a5 24. Rb6 Bb4 25. Rxf6 Bxc5 26. Nd5 Kg7 27. Ra6 Rfd8 28. Ne3 Bxe3 29. Rxe3 Rxc2 30. Rxa5 Rb2
31. Re7 Rd1+ 32. Re1 Rd6 33. a4 Rf6 34. g4 Rf4 35. Ra7 Rxg4 36. Ree7 Rf4 37. Ne5 Rfxf2 38. Rxf7+ Rxf7 39. Nxf7 Kg6 40. a5 Kh5
41. Ra6 Kg4 42. Nxh6+ Kg3 43. Nf5+ Kf4 44. Nd6 Rb1+ 45. Kh2 g4 46. g3+ Kf3 47. Nc4 Rb4 48. Rf6+ Ke2 49. Rf4
1-0

[Event "I Love Chess"]
[Site "SchemingMind.com"]
[Date "2007.12.16"]
[Round "-"]
[White "Tere"]
[Black "z"]
[Result "0-1"]
[WhiteCountry "VEN"]
[BlackCountry "IRQ"]
[WhiteElo "1399"]
[WhiteRD "117"]
[BlackElo "1825"]
[BlackRD "57"]
[GameID "133582"]

1. e4 e6 2. d4 d5 3. e5 c5 4. Qg4 f5 5. Qg3 Qc7 6. Nf3 Nc6 7. Bb5 cxd4 8. O-O Ne7 9. Re1 a6 10. Bd3 Ng6
11. Bf4 Bc5
0-1

[Event "I Love Chess"]
[Site "SchemingMind.com"]
[Date "2007.12.17"]
[Round "-"]
[White "Peacemaker"]
[Black "mmccaffe"]
[Result "1-0"]
[WhiteCountry "GER"]
[BlackCountry "USA"]
[WhiteElo "2305"]
[WhiteRD "84"]
[BlackElo "1630"]
[BlackRD "50"]
[GameID "133583"]

1. e4 c5 2. Nf3 d6 3. d4 cxd4 4. Nxd4 Nf6 5. Nc3 a6 6. Be2 e5 7. Nb3 Be7 8. O-O O-O 9. Be3 Nc6 10. f3 Be6
11. Nd5 Bxd5 12. exd5 Nb8 13. c4 Nbd7 14. a4 Qc7 15. a5 e4 16. fxe4 Nxe4 17. Qc2 Nec5 18. Nd4 Ne5 19. b4 Ncd7 20. Rac1 Rac8
21. Qf5 b6 22. Nc6 Nxc6 23. dxc6 Qxc6 24. b5 axb5 25. cxb5 Qb7 26. a6 Qa7 27. Rxc8 Rxc8 28. Qxf7+
1-0

[Event "I Love Chess"]
[Site "SchemingMind.com"]
[Date "2007.12.16"]
[Round "-"]
[White "smothered mate"]
[Black "Tanis"]
[Result "0-1"]
[WhiteCountry "POL"]
[BlackCountry "CHN"]
[WhiteElo "1947"]
[WhiteRD "57"]
[BlackElo "2124"]
[BlackRD "75"]
[GameID "133584"]

1. e4 e6 2. c4 Nc6 3. d4 Bb4+ 4. Bd2 Qh4 5. Nc3 Nxd4 6. Bd3 Ne7 7. a3 Bxc3 8. bxc3 Ndc6 9. Nf3 Qg4 10. O-O O-O
11. Re1 e5 12. Re3 d6 13. Be2 Qg6 14. Nh4 Qe6 15. Rg3 f5 16. exf5 Nxf5 17. Nxf5 Rxf5 18. Bg4 Qxc4 19. Bxf5 Bxf5 20. Qh5 Bg6
21. Qg4 Qxg4 22. Rxg4 d5 23. a4 Kf7 24. f4 Re8 25. Rf1 Bd3 26. Rf2 e4 27. Be3 h6 28. f5 Ne5 29. Rg3 Nc4 30. Rf4 Nxe3
31. Rxe3 Kf6 32. g3 h5 33. Rh4 Kg5 34. Rf4 c5 35. h4+ Kf6 36. g4 Ke5 37. Rf2 hxg4 38. Kg2 d4 39. cxd4+ Kxd4 40. Rg3 e3
41. Rf4+ Kc3 42. Rxe3 Rxe3 43. Rxg4 Re7 44. Rg3 c4 45. h5 Kd2 46. h6 gxh6 47. f6 Rf7
0-1

[Event "I Love Chess"]
[Site "SchemingMind.com"]
[Date "2007.12.16"]
[Round "-"]
[White "Dizzy"]
[Black "fer_even"]
[Result "0-1"]
[WhiteCountry "GER"]
[BlackCountry "ARG"]
[WhiteElo "1426"]
[WhiteRD "113"]
[BlackElo "2462"]
[BlackRD "99"]
[GameID "133585"]

1. Nc3 c5 2. e4 Nc6 3. Nf3 d6 4. d3 g6 5. g3 Bg7 6. Nd5 Nf6 7. a4 O-O 8. b3 Nxd5 9. exd5 Bxa1 10. h3 Nb4
11. Ng5 Nxd5 12. h4 Nc3 13. Qf3 f6 14. Ne6 Bxe6
0-1

[Event "I Love Chess"]
[Site "SchemingMind.com"]
[Date "2007.12.21"]
[Round "-"]
[White "kloosterveen"]
[Black "flodur"]
[Result "0-1"]
[WhiteCountry "NED"]
[BlackCountry "AUS"]
[WhiteElo "1407"]
[WhiteRD "94"]
[BlackElo "1950"]
[BlackRD "101"]
[GameID "133587"]

1. d4 c5 2. Nf3 cxd4 3. Qxd4 Nc6 4. Qd3 d5 5. g3 g6 6. Nc3 Nf6 7. Bg2 Bg7 8. O-O O-O 9. Rb1 e5 10. e4 dxe4
11. Qxd8 Rxd8 12. Ng5 Nd4 13. Ngxe4 Nxc2 14. Bg5 Nxe4 15. Bxd8 Nd2 16. Rbc1 Nxf1 17. Rxc2 Bf5 18. Rc1 Nxg3 19. Bc7 Rc8 20. Bxe5 Bxe5
0-1

[Event "I Love Chess"]
[Site "SchemingMind.com"]
[Date "2007.12.16"]
[Round "-"]
[White "z"]
[Black "Tere"]
[Result "1-0"]
[WhiteCountry "IRQ"]
[BlackCountry "VEN"]
[WhiteElo "1825"]
[WhiteRD "57"]
[BlackElo "1399"]
[BlackRD "117"]
[GameID "133589"]

1. f4 Nf6 2. Nc3 c5 3. e4 d6 4. Nf3 g6 5. Bb5+ Bd7 6. a4 a6 7. Bxd7+ Nfxd7 8. O-O Bg7 9. d3 O-O 10. Be3 f5
11. Qd2 Nc6 12. Ng5
1-0

[Event "I Love Chess"]
[Site "SchemingMind.com"]
[Date "2007.12.16"]
[Round "-"]
[White "mmccaffe"]
[Black "Peacemaker"]
[Result "0-1"]
[WhiteCountry "USA"]
[BlackCountry "GER"]
[WhiteElo "1661"]
[WhiteRD "51"]
[BlackElo "2340"]
[BlackRD "81"]
[GameID "133590"]

1. e4 c5 2. Nf3 Nc6 3. Nc3 e6 4. d4 cxd4 5. Nxd4 Qc7 6. Be2 a6 7. Be3 Nf6 8. O-O Bb4 9. Bf3 Ne5 10. Qd2 Bxc3
11. Qxc3 Nxf3+ 12. gxf3 Qxc3 13. bxc3 d5 14. e5 Nd7 15. f4 Rg8 16. Rab1 g5 17. Kh1 gxf4 18. Bxf4 Rg4 19. Bg3 b5 20. a4 bxa4
21. Rb4 a5 22. Rxa4 Nb6 23. Ra2 Bd7 24. Rd1 a4 25. f3 Rg6 26. Rb1 Nc4 27. Rb7 f6 28. f4 fxe5 29. fxe5 h6 30. Nb5 Bxb5
31. Rxb5 Kd7 32. Rb4 a3 33. Rb7+ Kc6 34. Rf7 h5 35. Rh7 Ne3 36. Rxh5 Rb8 37. h4 Rxg3 38. Rg5 Ng4 39. Ra1 Rh8 40. h5 Nf2+
0-1

[Event "I Love Chess"]
[Site "SchemingMind.com"]
[Date "2007.12.16"]
[Round "-"]
[White "Tanis"]
[Black "smothered mate"]
[Result "1-0"]
[WhiteCountry "CHN"]
[BlackCountry "POL"]
[WhiteElo "2124"]
[WhiteRD "75"]
[BlackElo "1947"]
[BlackRD "57"]
[GameID "133591"]

1. e4 c6 2. d4 d5 3. exd5 cxd5 4. c4 Nf6 5. cxd5 Nxd5 6. Nc3 Bf5 7. Qb3 Nxc3 8. bxc3 Qb6 9. Qxb6 axb6 10. Bb5+ Kd8
11. Nf3 f6 12. Ke2 e6 13. Re1 Bd6 14. h3 Nd7 15. Nh4 Be4 16. Kd1 f5 17. f3 Bg3 18. Bg5+ Kc7 19. fxe4 Bxe1 20. Kxe1 fxe4
21. Ke2 Ra3 22. Rf1 Rxa2+ 23. Ke3 Rf8 24. Rxf8 Nxf8 25. Kxe4 h6 26. Bf4+ Kd8 27. Bd6 Nh7 28. Ke5 g5 29. Ng6 Rxg2 30. Kxe6 Rf2
31. Be7+ Kc8 32. d5 g4 33. h4 g3 34. d6
1-0

[Event "I Love Chess"]
[Site "SchemingMind.com"]
[Date "2007.12.17"]
[Round "-"]
[White "fer_even"]
[Black "Dizzy"]
[Result "1-0"]
[WhiteCountry "ARG"]
[BlackCountry "GER"]
[WhiteElo "2462"]
[WhiteRD "99"]
[BlackElo "1426"]
[BlackRD "113"]
[GameID "133592"]

1. d4 Nf6 2. c4 c6 3. Nf3 e6 4. g3 d5 5. Qc2 Na6 6. a3 b5 7. cxd5 cxd5 8. Qc6+ Bd7 9. Qxa6 h5 10. Nc3 Rh6
11. Bxh6 gxh6 12. Ne5 Bg7 13. Nxd7 Kxd7 14. Nxb5
1-0

[Event "I Love Chess"]
[Site "SchemingMind.com"]
[Date "2007.12.16"]
[Round "-"]
[White "flodur"]
[Black "kloosterveen"]
[Result "1-0"]
[WhiteCountry "AUS"]
[BlackCountry "NED"]
[WhiteElo "1937"]
[WhiteRD "128"]
[BlackElo "1539"]
[BlackRD "102"]
[GameID "133594"]

1. e4 c5 2. Nf3 d6 3. d4 cxd4 4. Nxd4 Nf6 5. Nc3 a6 6. Bg5 e6 7. f4 Be7 8. Qf3 O-O 9. O-O-O e5 10. fxe5 dxe5
11. Nc6 Qc7 12. Nxe7+ Qxe7 13. Nd5 Qc5 14. Nxf6+ gxf6 15. Bxf6
1-0

[Event "I Love Chess"]
[Site "SchemingMind.com"]
[Date "2008.01.19"]
[Round "-"]
[White "jtrochez1"]
[Black "harrib"]
[Result "0-1"]
[WhiteCountry "HON"]
[BlackCountry "GER"]
[WhiteElo "1556"]
[WhiteRD "53"]
[BlackElo "1898"]
[BlackRD "116"]
[GameID "138014"]

1. e4 e5 2. Nf3 Nc6 3. Nc3 Nf6 4. Bb5 Bb4 5. Bxc6 dxc6 6. a3 Ba5 7. d3 Qe7 8. Bg5 O-O 9. O-O Bg4 10. h3 Bh5
11. Kh1 Qe6 12. Bxf6 Qxf6 13. Qe2 Rad8 14. Nd1 Qe6 15. Qe3 Bb6 16. Qg5 Bxf3 17. gxf3 Qxh3+ 18. Kg1 Rd6
0-1

[Event "I Love Chess"]
[Site "SchemingMind.com"]
[Date "2008.01.19"]
[Round "-"]
[White "harrib"]
[Black "jtrochez1"]
[Result "1-0"]
[WhiteCountry "GER"]
[BlackCountry "HON"]
[WhiteElo "1970"]
[WhiteRD "115"]
[BlackElo "1455"]
[BlackRD "54"]
[GameID "138022"]

1. d4 d5 2. c4 e6 3. Nc3 Nf6 4. Bg5 Be7 5. Nf3 Nc6 6. e3 Ne4 7. Bxe7 Qxe7 8. Bd3 Nxc3 9. bxc3 O-O 10. O-O Nd8
11. Qc2 f5 12. Ne5 Nf7 13. f4 Nxe5 14. dxe5 c6 15. Rf3 Bd7 16. Qe2 Be8 17. Rg3 g6 18. Qf2 Bf7 19. cxd5 cxd5 20. c4 b6
21. cxd5 exd5 22. Bxf5 Kh8 23. Bd3 Rg8 24. Qb2 Be6 25. Be2 Rg7 26. Rc1 Rc8 27. Rxc8+ Bxc8 28. Rf3 Be6 29. Rf1 Kg8 30. Bf3 Qc5
31. Qd4 Rc7 32. Rd1 Qxd4 33. Rxd4 Rc1+ 34. Rd1 Rxd1+ 35. Bxd1 Kf7 36. Bb3 a6 37. e4 dxe4 38. Bxe6+ Kxe6 39. Kf2 b5 40. Ke3 Kf5
41. g4+ Ke6 42. Kxe4 h6 43. Kd4 h5 44. h3 hxg4 45. hxg4 b4 46. Ke4 a5 47. f5+ gxf5+ 48. gxf5+ Ke7 49. Kd4 a4 50. Kc4 b3
51. axb3 a3 52. Kc3 a2 53. Kb2
1-0

[Event "I Love Chess"]
[Site "SchemingMind.com"]
[Date "2008.02.09"]
[Round "-"]
[White "z"]
[Black "Tahur"]
[Result "0-1"]
[WhiteCountry "IRQ"]
[BlackCountry "ARG"]
[WhiteElo "1832"]
[WhiteRD "55"]
[BlackElo "1943"]
[BlackRD "54"]
[GameID "141146"]

1. f4 d5 2. Nf3 Nf6 3. e3 g6 4. b3 Bg7 5. Bb2 O-O 6. Be2 c5 7. O-O Nc6 8. Qe1 Bf5 9. d3 Nb4 10. Bd1 Bg4
11. e4 Bxf3 12. gxf3 Qd7 13. a3 Nc6 14. Qh4 dxe4 15. fxe4 Nxe4 16. Bxg7 Kxg7 17. Ra2 Nf6 18. c3 Qxd3 19. Nd2 Qxc3 20. f5 Qd4+
21. Kh1 Qxh4
0-1

[Event "I Love Chess"]
[Site "SchemingMind.com"]
[Date "2008.02.09"]
[Round "-"]
[White "Tahur"]
[Black "z"]
[Result "1-0"]
[WhiteCountry "ARG"]
[BlackCountry "IRQ"]
[WhiteElo "1979"]
[WhiteRD "54"]
[BlackElo "1821"]
[BlackRD "56"]
[GameID "141153"]

1. e4 e6 2. d4 d5 3. Nd2 dxe4 4. Nxe4 Bd7 5. Nf3 Bc6 6. Bd3 Nd7 7. O-O Ngf6 8. Re1 Bxe4 9. Bxe4 Nxe4 10. Rxe4 Nf6
11. Re2 Be7 12. c4 O-O 13. Bg5 h6 14. Bxf6 Bxf6 15. Ne5 Qd6 16. Re4 Rad8 17. Qb3 b6 18. Qb5 Bxe5 19. dxe5 Qd3 20. Re3 Qd2
21. Rf1 Rd4 22. h3 Qc2 23. Ra3 Rxc4 24. Rxa7 Rc5 25. Qb3 Qe4 26. Qg3 Rd8 27. b3 Rd3 28. f3 Qe3+ 29. Kh1 Rd2 30. Ra8+ Kh7
31. Rf8 Rd7 32. Re1 Qg5 33. Qxg5 hxg5 34. Kh2 Kg6 35. a4 Kf5 36. Rc8 Rxe5 37. Rc1 c5 38. Rc6 Re2 39. Rxb6 Rdd2 40. Rg1 Kf4
41. a5 Rf2 42. Rb7 f6 43. a6 Ra2 44. a7 g6 45. Rf7 f5 46. Kh1 Kg3 47. Re7 Rxg2 48. Rxg2+ Rxg2 49. a8=Q Rh2+ 50. Kg1 Re2
51. Qa5 Kxf3 52. Rg7 Rb2 53. Qc3+
1-0